| 000 | 00713nam a2200229 u 4500 | ||
|---|---|---|---|
| 005 | 20241016063757.0 | ||
| 008 | 170208s2009 es r 000 0 spa d | ||
| 020 | _a9788424113001 | ||
| 035 | _aUPN01000215865 | ||
| 049 | _aI | ||
| 050 | 4 |
_aBF723 S3 _bG3.6 2009 |
|
| 100 | 1 |
_aGarcía Iglesias, Carmen, _d1957- _940178 |
|
| 245 | 1 | 0 |
_aQuiero ser invisible / _cCarmen García Iglesias. |
| 250 | _a2a ed. | ||
| 260 |
_aLeón, Esp. : _bEverest, _c2009. |
||
| 300 |
_a33 p. : _bprincipalmente il. col. |
||
| 440 | 0 |
_aLeer es vivir. _pA partir de 5 años |
|
| 650 | 0 |
_aAutoestima en niños _9356 |
|
| 650 | 7 |
_aAutopercepción en niños _vLiteratura infantil _2 _913529 |
|
| 905 | _aInfantil | ||
| 999 |
_c187965 _d187965 |
||